000 00416nam a22001457a 4500
082 _a297.64
_bMAN
245 _aManaqib-i Ahle-i-Bait alaihim salam/
_ctartib va taqdim Zahoor Ahmad Azhar
260 _aFaisalabad:
_bAl-Baghdad Printers;
_c-
300 _a63p.
563 _aPB
650 _aWomen in the Koran
_9119661
650 _aMuslim women
_937213
700 _aZahoor Ahmad Azhar
_9119670
942 _2ddc
_cBK
999 _c606825
_d606825